Saint Names - Sudden Death - Statistics

General Stats
  • This quiz has been taken 1,146 times
  • The average score is 7 of 18
Answers on the Grid
Answers color-coded by a green-red scale on the quiz's grid according to % correct below.
St. Paul
Pope St. John XXV
St. Lourdes
St. Malum
St. Tertullian
St. Linus
St. Franciszek Kowalczyk
St. Rose of Lima
St. Virgo
St. Shrek
St. Nicholas
St. Elmo
St. James
St. Juan Diego
St. Peter
St. Florence of Arabia
Pope St. John Paul II
St. Mary Magdalene
St. Pontius Pilate
St. Lucifer
St. Josemaría Escrivá
St. Paul of Antarctica
St. Longinus
St. Catherine of Siena
St. John of the Cross
St. Damien of Molokai
St. Cosmas
St. Augustine
St. Thomas More
St. Thomas à Kempis
 
Answer Stats
Answer % Correct
St. Paul
75%
St. Peter
73%
St. Augustine
67%
St. Nicholas
64%
St. James
63%
St. Mary Magdalene
47%
St. Catherine of Siena
45%
Pope St. John Paul II
44%
St. John of the Cross
41%
St. Thomas More
33%
St. Linus
27%
St. Rose of Lima
26%
St. Elmo
24%
St. Juan Diego
19%
St. Longinus
16%
St. Cosmas
13%
St. Damien of Molokai
13%
St. Josemaría Escrivá
11%
No matching quizzes found
Score Distribution
Percent of People with Each Score
Percentile by Number Answered
Your Score History
You have not taken this quiz